[Event "Superettan(Alingsas-Burgsvik)"]
[Site "?"]
[Date "2018.11.11"]
[Round "3"]
[White "Krupenski, Juri"]
[Black "Winsnes, Rikard"]
[Result "1-0"]
[WhiteElo "2402"]
[BlackElo "2391"]
[PlyCount "63"]
1. d4 Nf6 2. c4 g6 3. g3 Bg7 4. Bg2 O-O 5. Nc3 d6 6. Nf3 Nc6 7. O-O Bf5 8. b3
Ne4 9. Bb2 Nxc3 10. Bxc3 Be4 11. Qd2 d5 12. e3 e6 13. Rfd1 g5 14. cxd5 exd5 15.
Ne5 Bxg2 16. Kxg2 Nxe5 17. dxe5 c6 18. e4 dxe4 19. Qe3 Qe7 20. Qxe4 Rfe8 21. f4
f6 22. Qc4+ Kh8 23. Re1 fxe5 24. Rxe5 Qd7 25. Rxg5 Re7 26. Re1 Rf7 27. Qxf7
Qxf7 28. Bxg7+ Qxg7 29. Rxg7 Kxg7 30. Re7+ Kg6 31. Rxb7 a5 32. Rb6 1-0

[Event "Superettan(Rockaden,Sthlm II-Vaxjo)"]
[Site "?"]
[Date "2018.11.11"]
[Round "3"]
[White "Solodovnichenko, Yuri"]
[Black "Bjerre, Jonas Buhl"]
[Result "1/2-1/2"]
[WhiteElo "2554"]
[BlackElo "2423"]
[PlyCount "53"]
1. e4 c5 2. Nc3 Nc6 3. Nge2 e6 4. d4 cxd4 5. Nxd4 Qc7 6. Be3 a6 7. a3 b5 8.
Nxc6 Qxc6 9. Be2 Bb7 10. O-O Nf6 11. Bf3 e5 12. a4 Bc5 13. axb5 axb5 14. Bxc5
Qxc5 15. Qd3 b4 16. Rxa8+ Bxa8 17. Na4 Qc6 18. Qb3 O-O 19. Qxb4 Nxe4 20. c4 Qg6
21. Nb6 Ng5 22. Bxa8 Nh3+ 23. Kh1 Nxf2+ 24. Kg1 Nh3+ 25. Kh1 Nf2+ 26. Kg1 Nh3+
27. Kh1 1/2-1/2

[Event "Superettan(Alingsas-Burgsvik)"]
[Site "?"]
[Date "2018.11.11"]
[Round "3"]
[White "Agrest, Evgenij"]
[Black "Vovk, Ilja"]
[Result "1-0"]
[WhiteElo "2580"]
[BlackElo "2284"]
[PlyCount "65"]
1. Nf3 d5 2. e3 Nf6 3. c4 e6 4. b3 Be7 5. Bb2 O-O 6. Nc3 b6 7. g3 dxc4 8. bxc4
c5 9. Bg2 Bb7 10. O-O Nc6 11. d3 Qd7 12. Qe2 Rad8 13. Rad1 Qc8 14. Ne1 Rd7 15.
f4 Rfd8 16. g4 Nb4 17. Bxb7 Qxb7 18. g5 Ne8 19. a3 Nc6 20. Rf3 a6 21. Rh3 g6
22. Ne4 b5 23. cxb5 Qxb5 24. Qg2 Rb8 25. Ba1 Ng7 26. Bxg7 Kxg7 27. Nf6 Bxf6 28.
gxf6+ Kg8 29. Rxh7 Qb2 30. Rg7+ Kf8 31. Qg5 Rd5 32. Qh6 Ke8 33. Rxf7 1-0

[Event "Superettan(Rockaden,Sthlm II-Vaxjo)"]
[Site "?"]
[Date "2018.11.11"]
[Round "3"]
[White "Berovski, Krum"]
[Black "Lindberg, Bengt"]
[Result "1/2-1/2"]
[WhiteElo "2321"]
[BlackElo "2406"]
[PlyCount "71"]
1. d4 Nf6 2. c4 e6 3. Nc3 Bb4 4. e3 O-O 5. Nge2 Re8 6. a3 Bf8 7. Ng3 d5 8. cxd5
exd5 9. Bd3 c5 10. dxc5 Bxc5 11. O-O Nc6 12. b4 Bd6 13. Bb2 Be5 14. Na4 Bxb2
15. Nxb2 d4 16. b5 Na5 17. exd4 Bg4 18. Be2 Be6 19. Bf3 Nb3 20. Bxb7 Rb8 21.
Bc6 Nxa1 22. Bxe8 Qxe8 23. Qxa1 Qxb5 24. Nd1 h5 25. h4 Qa5 26. Ne3 Rb3 27. Qd1
Rxa3 28. d5 Bg4 29. Nxg4 hxg4 30. d6 Ra2 31. Qd4 Rd2 32. Qf4 Rd5 33. Rc1 Qd2
34. Qxd2 Rxd2 35. Rc8+ Kh7 36. Ra8 1/2-1/2

[Event "Superettan(Manhem-Vasteras II)"]
[Site "?"]
[Date "2018.11.11"]
[Round "3"]
[White "Eriksson, Anders"]
[Black "Welin, Mats"]
[Result "1/2-1/2"]
[WhiteElo "2239"]
[BlackElo "2315"]
[PlyCount "132"]
1. Nf3 d5 2. g3 Nf6 3. Bg2 c6 4. O-O Bg4 5. d4 e6 6. c4 Be7 7. Ne5 Bh5 8. Nd2
O-O 9. b3 a5 10. a3 Nbd7 11. Nd3 Bg6 12. Bb2 Re8 13. Re1 Qb6 14. Nf4 Bf5 15. e3
h6 16. c5 Qc7 17. b4 e5 18. Ne2 exd4 19. exd4 Bg4 20. Nb3 axb4 21. axb4 Rxa1
22. Bxa1 Bf8 23. Bc3 Ne4 24. Bb2 Ng5 25. Qd3 Nf6 26. f3 Bh3 27. Bc3 Bxg2 28.
Kxg2 Qd7 29. Ng1 Rxe1 30. Bxe1 Be7 31. Bd2 Ne6 32. Ne2 Bd8 33. Nc3 h5 34. h4 g6
35. b5 Ne8 36. b6 N8g7 37. Ne2 Nf5 38. Nf4 Neg7 39. Kf2 Bf6 40. Ne2 Ne6 41. Bf4
Qe7 42. Qd2 g5 43. hxg5 Nxg5 44. Qd3 Qd7 45. Bc7 Ng7 46. Ke3 Qh3 47. Bf4 N7e6
48. Nd2 Nxf4 49. gxf4 Ne6 50. Qb1 Ng7 51. Qg1 Kh7 52. Qf1 Qe6+ 53. Kd3 h4 54.
Qg1 Nf5 55. Nf1 Nh6 56. Ne3 Qh3 57. Qf2 Qc8 58. Qg2 Qa8 59. Ng4 Qa6+ 60. Ke3
Nf5+ 61. Kf2 Bg7 62. Ne5 Qa2 63. Qg5 Nxd4 64. Qh5+ Kg8 65. Qxf7+ Kh7 66. Qg6+
Kg8 1/2-1/2

[Event "Superettan(Alingsas-Burgsvik)"]
[Site "?"]
[Date "2018.11.11"]
[Round "3"]
[White "Andersson, Tommy"]
[Black "Andreasson, Ingvar"]
[Result "1-0"]
[WhiteElo "2406"]
[BlackElo "2341"]
[PlyCount "67"]
1. d4 Nf6 2. c4 e6 3. Nf3 b6 4. g3 Ba6 5. Qa4 c6 6. Nc3 d5 7. cxd5 exd5 8. Bg2
Be7 9. Bf4 Bb7 10. Ne5 O-O 11. O-O a5 12. Rfd1 b5 13. Qc2 Na6 14. Rac1 Qb6 15.
e4 Nb4 16. Qb1 Rad8 17. a3 Na6 18. exd5 cxd5 19. Qd3 Nc7 20. Bf1 Ne6 21. Qxb5
Qa7 22. Be3 Rd6 23. Qa4 Qb6 24. Qb5 Qa7 25. Qb3 Rb6 26. Qa2 a4 27. Bb5 Ne4 28.
Nxd5 Bd8 29. Nxb6 Bxb6 30. Nxf7 Kxf7 31. Bd7 N4g5 32. Bxg5 Kg6 33. Qxe6+ Kxg5
34. h4+ 1-0

[Event "Superettan(Rockaden,Sthlm II-Vaxjo)"]
[Site "?"]
[Date "2018.11.11"]
[Round "3"]
[White "Christiansen, Johan-Sebastian"]
[Black "Tuomainen, Felix"]
[Result "1-0"]
[WhiteElo "2525"]
[BlackElo "2182"]
[PlyCount "71"]
1. Nf3 Nf6 2. c4 e6 3. g3 d5 4. d4 dxc4 5. Bg2 Be7 6. O-O O-O 7. Qc2 a6 8. a4
Nc6 9. Qxc4 Qd5 10. Qd3 Qf5 11. Qb3 Rd8 12. e3 e5 13. Nxe5 Nxe5 14. dxe5 Qxe5
15. Nc3 Rb8 16. e4 Be6 17. Qc2 Qa5 18. Bf4 Rbc8 19. h3 Qb4 20. Rfe1 Bb3 21. Qc1
c6 22. Bd2 Qc4 23. Bf1 Qe6 24. Ne2 Qc4 25. Bc3 Qc5 26. Nf4 b5 27. axb5 axb5 28.
Nd3 Qh5 29. Ra7 Rxd3 30. Rxe7 Rxg3+ 31. fxg3 Qc5+ 32. Qe3 Qxe7 33. Bxf6 Qxf6
34. Qxb3 Qd4+ 35. Re3 Re8 36. Qc3 1-0

[Event "Superettan(Manhem-Vasteras II)"]
[Site "?"]
[Date "2018.11.11"]
[Round "3"]
[White "Akesson, Joel"]
[Black "Norberg, Erik"]
[Result "0-1"]
[WhiteElo "2267"]
[BlackElo "2219"]
[PlyCount "134"]
1. c4 c5 2. g3 Nc6 3. Bg2 g6 4. Nc3 Bg7 5. Nf3 e5 6. O-O Nge7 7. Ne1 O-O 8. Nc2
d6 9. a3 Rb8 10. b4 Be6 11. bxc5 dxc5 12. Ne3 f5 13. Bd5 Qd7 14. f4 Rfd8 15.
fxe5 Bxe5 16. Bb2 b5 17. Bxe6+ Qxe6 18. cxb5 Nd4 19. Rb1 Nb3 20. Ncd5 Nxd2 21.
Qxd2 Nxd5 22. Bxe5 Qxe5 23. Nxd5 Rxd5 24. Qf4 Re8 25. Qxe5 Rdxe5 26. Rb2 Rxe2
27. Rxe2 Rxe2 28. Rc1 Ra2 29. Rxc5 Rxa3 30. Rc8+ Kg7 31. Ra8 Ra5 32. Rb8 Kf6
33. b6 axb6 34. Rxb6+ Kg5 35. Rb4 Ra2 36. Rc4 Re2 37. h3 Kf6 38. Rc5 g5 39. Ra5
Rb2 40. Rc5 h5 41. Rc4 Ke5 42. Ra4 Rd2 43. Rb4 Rd4 44. Rb2 f4 45. Kg2 Rd3 46.
gxf4+ gxf4 47. Re2+ Kf5 48. Ra2 Rg3+ 49. Kh2 Kg5 50. Rf2 Re3 51. Kg2 Rg3+ 52.
Kh2 Rd3 53. Kg2 Kf5 54. Ra2 Ke4 55. Re2+ Re3 56. Ra2 Rg3+ 57. Kh2 Rd3 58. Ra5
Rd5 59. Ra2 f3 60. h4 Rd7 61. Ra5 Rd2+ 62. Kg1 Rd5 63. Ra3 Kf4 64. Kf2 Rd2+ 65.
Ke1 Re2+ 66. Kf1 Kg3 67. Rb3 Rh2 0-1

[Event "Superettan(Alingsas-Burgsvik)"]
[Site "?"]
[Date "2018.11.11"]
[Round "3"]
[White "Agrest, Inna"]
[Black "Linusson, Pelle"]
[Result "1-0"]
[WhiteElo "2283"]
[BlackElo "2228"]
[PlyCount "105"]
1. e4 e5 2. Nf3 Nc6 3. Bb5 a6 4. Ba4 Nf6 5. O-O Be7 6. Re1 b5 7. Bb3 d6 8. c3
O-O 9. h3 Nb8 10. d4 Nbd7 11. Nbd2 Bb7 12. Bc2 Re8 13. Nf1 Bf8 14. Ng3 g6 15.
a4 c5 16. d5 c4 17. Nh2 Nc5 18. h4 Rb8 19. h5 Bc8 20. axb5 axb5 21. Qf3 Bd7 22.
Bg5 Be7 23. Bd2 Qb6 24. h6 Rec8 25. Ngf1 Ra8 26. Ne3 Qd8 27. Nef1 Rxa1 28. Rxa1
Ra8 29. Rb1 Ra2 30. Qe2 Qa8 31. Qf3 Nfxe4 32. Bxe4 Nxe4 33. Qxe4 Bf5 34. Qe1
Bxb1 35. Qxb1 Ra1 36. Qe4 f5 37. Qf3 e4 38. Qg3 Qxd5 39. Bg5 Bf8 40. Qe3 Rb1
41. Qa7 Rxb2 42. Ne3 Qe5 43. Qd7 Rb1+ 44. Nhf1 b4 45. Nxc4 Qd5 46. Nce3 Qf7 47.
Qb5 b3 48. Nd5 b2 49. c4 f4 50. Bxf4 Qf5 51. Be3 g5 52. Bd4 e3 53. Nf6+ 1-0

[Event "Superettan(Rockaden,Sthlm II-Vaxjo)"]
[Site "?"]
[Date "2018.11.11"]
[Round "3"]
[White "Zadruzny, Nicolaj"]
[Black "Olofsson-Dolk, Mattis"]
[Result "1-0"]
[WhiteElo "2270"]
[BlackElo "2171"]
[PlyCount "89"]
1. e4 c5 2. Nf3 d6 3. Bb5+ Nd7 4. c3 a6 5. Ba4 b5 6. Bc2 Bb7 7. O-O Ngf6 8. Qe2
c4 9. b3 Qc7 10. bxc4 bxc4 11. Na3 Rc8 12. Rb1 e6 13. Nxc4 Bxe4 14. Nxd6+ Bxd6
15. Bxe4 Nxe4 16. Qxe4 Qa5 17. Qd4 Be5 18. Nxe5 Qxe5 19. Qa4 Qd5 20. Ba3 f6 21.
d3 Kf7 22. c4 Qc6 23. Qxc6 Rxc6 24. Rb7 Rd8 25. Rfb1 e5 26. Ra7 Ke6 27. g4 g6
28. f4 h5 29. h3 hxg4 30. hxg4 f5 31. g5 e4 32. Kf2 Rdc8 33. Rbb7 Rd8 34. d4
Rxc4 35. d5+ Kxd5 36. Rxd7+ Rxd7 37. Rxd7+ Kc6 38. Rd6+ Kb5 39. Rxg6 Rc2+ 40.
Ke1 Rxa2 41. Be7 Kc4 42. Rd6 Ra1+ 43. Rd1 Ra2 44. g6 Rg2 45. Bg5 1-0

[Event "Superettan(Alingsas-Burgsvik)"]
[Site "?"]
[Date "2018.11.11"]
[Round "3"]
[White "Persson, Mats"]
[Black "Dahlgren, Jonas"]
[Result "1-0"]
[WhiteElo "2287"]
[BlackElo "2023"]
[PlyCount "95"]
1. e4 e5 2. Nf3 Nc6 3. d4 exd4 4. Bc4 d6 5. Nxd4 Nf6 6. Nc3 Be7 7. O-O O-O 8.
Re1 Nxd4 9. Qxd4 Be6 10. Bxe6 fxe6 11. e5 Nd7 12. exd6 Bxd6 13. Be3 Be5 14. Qb4
Qf6 15. Ne4 Qg6 16. c3 Nb6 17. Bxb6 axb6 18. Qc4 Rae8 19. Re2 Kh8 20. Rae1 Bf4
21. g3 c6 22. a4 Bc7 23. Rd1 Rd8 24. Rxd8 Rxd8 25. Re1 Rd5 26. b4 h6 27. Kg2
Qf5 28. Re3 Re5 29. Qe2 Kh7 30. c4 Qg6 31. b5 c5 32. Qd3 Rh5 33. h3 Rf5 34. Qe2
Rf8 35. Rd3 Rd8 36. Rxd8 Bxd8 37. Nd6 Bc7 38. Nxb7 Qf5 39. Qf3 Qe5 40. Qc6 h5
41. h4 g5 42. Qd7+ Kg8 43. Qe8+ Kg7 44. Qe7+ Kh8 45. Qf8+ Kh7 46. Qf7+ Kh6 47.
hxg5+ Qxg5 48. Qxc7 1-0

[Event "Superettan(Rockaden,Sthlm II-Vaxjo)"]
[Site "?"]
[Date "2018.11.11"]
[Round "3"]
[White "Rydstrom, Tom"]
[Black "Nikolic, Vladan"]
[Result "1-0"]
[WhiteElo "2310"]
[BlackElo "2149"]
[PlyCount "59"]
1. e4 e5 2. Nf3 Nc6 3. Bb5 a6 4. Ba4 Nf6 5. d3 b5 6. Bb3 Bc5 7. Nc3 d6 8. a4
Na5 9. Ba2 b4 10. Ne2 h6 11. Ng3 O-O 12. O-O Rb8 13. c3 Re8 14. Re1 c6 15. d4
Ba7 16. h3 Qc7 17. Nh4 d5 18. cxb4 Rxb4 19. Bd2 Rxd4 20. Nf3 dxe4 21. Nxd4 exd4
22. Nh5 Nd5 23. Bxd5 cxd5 24. Rc1 Nc6 25. Bxh6 Bb8 26. Bf4 Re5 27. Qb3 Bd7 28.
Qg3 g5 29. Nf6+ Kf8 30. Bxe5 1-0

[Event "Superettan(Manhem-Vasteras II)"]
[Site "?"]
[Date "2018.11.11"]
[Round "3"]
[White "Storme, Isak"]
[Black "Carlsson, Ludvig"]
[Result "0-1"]
[WhiteElo "2260"]
[BlackElo "2058"]
[PlyCount "100"]
1. e4 c5 2. Nf3 e6 3. d4 cxd4 4. Nxd4 Nf6 5. Nc3 g6 6. Be3 Bg7 7. f3 Nc6 8. Qd2
O-O 9. O-O-O d5 10. Qe1 e5 11. Nxc6 bxc6 12. exd5 Nxd5 13. Bc4 Be6 14. Ne4 f5
15. Ng5 Bc8 16. h4 h6 17. Ne4 Be6 18. Qg3 f4 19. Qxg6 Bf7 20. Qxc6 Rc8 21. Rxd5
Rxc6 22. Rxd8 Rxd8 23. Bxf7+ Kxf7 24. Bxa7 Ra6 25. Bc5 Rxa2 26. Kb1 Ra6 27. c4
Bf8 28. Bxf8 Rxf8 29. Rd1 Rg8 30. Rd7+ Ke8 31. Rh7 Rxg2 32. c5 Kf8 33. Rb7 Rg3
34. Rb6 Rxb6 35. cxb6 Rg6 36. Nc5 Ke7 37. b7 Rb6 38. Kc2 Kd6 39. Ne4+ Kd5 40.
Kc3 Rxb7 41. b4 Rb6 42. h5 Ra6 43. Kd3 Ra1 44. b5 Ra3+ 45. Nc3+ Kc5 46. Kd2 Kd4
47. Ne2+ Kc4 48. Nc1 Rxf3 49. b6 Rf2+ 50. Ne2 f3 0-1

[Event "Superettan(Alingsas-Burgsvik)"]
[Site "?"]
[Date "2018.11.11"]
[Round "3"]
[White "Wengholm, Anders"]
[Black "Akerman, Axel"]
[Result "1/2-1/2"]
[WhiteElo "2210"]
[BlackElo "2151"]
[PlyCount "78"]
1. c4 e5 2. Nc3 Nc6 3. Nf3 Bb4 4. Nd5 Be7 5. d3 Nf6 6. g3 d6 7. Bg2 h6 8. O-O
O-O 9. h3 Be6 10. e4 Nd7 11. d4 Bxd5 12. cxd5 Ncb8 13. Qb3 b6 14. Be3 c5 15.
dxc6 Nxc6 16. Rfd1 Rc8 17. Rac1 exd4 18. Nxd4 Na5 19. Qb5 Ne5 20. b3 Rc5 21.
Qe2 Rxc1 22. Rxc1 Qd7 23. f4 Ng6 24. Qa6 Bf6 25. b4 Bxd4 26. Bxd4 Nc6 27. Bb2
Nge7 28. a3 Rb8 29. Qd3 Nd8 30. Rd1 Nb7 31. e5 d5 32. a4 Rd8 33. Qd4 Qxa4 34.
Rc1 Nc6 35. Qc3 Ne7 36. e6 f6 37. Qd4 Nd6 38. Re1 Qb3 39. Re3 Qc2 1/2-1/2

[Event "Superettan(Rockaden,Sthlm II-Vaxjo)"]
[Site "?"]
[Date "2018.11.11"]
[Round "3"]
[White "Sorensen, Hampus"]
[Black "Sevastianov, Andrii"]
[Result "1-0"]
[WhiteElo "2192"]
[BlackElo "2116"]
[PlyCount "95"]
1. c4 e6 2. g3 d5 3. Bg2 Nf6 4. Nf3 dxc4 5. Qa4+ Nbd7 6. Qxc4 a6 7. Qc2 c5 8.
a4 Qc7 9. a5 Bd6 10. d3 b5 11. axb6 Nxb6 12. Nfd2 Bb7 13. Bxb7 Qxb7 14. O-O O-O
15. Na3 Nbd5 16. Nac4 Nb4 17. Qa4 Be7 18. Nb3 Nfd5 19. Be3 Nxe3 20. Nxe3 Rab8
21. Rfb1 Rfc8 22. Nc4 Qd5 23. Nbd2 h5 24. h4 Qf5 25. Qd1 Qd5 26. Rc1 Rc6 27.
Ne4 Qf5 28. Qf1 Nd5 29. Qg2 Bf6 30. Ne3 Qe5 31. Qf3 Qxb2 32. Rab1 Qxb1 33. Rxb1
Rxb1+ 34. Kh2 Rcb6 35. Nxd5 exd5 36. Nxc5 R1b5 37. Qxd5 Be7 38. d4 g6 39. Qd7
Bxc5 40. dxc5 Rf6 41. Qd8+ Kg7 42. Qd4 Rb8 43. f3 Re8 44. g4 hxg4 45. fxg4
Rxe2+ 46. Kg3 Ref2 47. Qxf2 Rxf2 48. Kxf2 1-0

[Event "Superettan(Alingsas-Burgsvik)"]
[Site "?"]
[Date "2018.11.11"]
[Round "3"]
[White "Akerman, Emil"]
[Black "Bergre, Joachim"]
[Result "1/2-1/2"]
[WhiteElo "1941"]
[BlackElo "1954"]
[PlyCount "63"]
1. c4 Nf6 2. Nf3 c5 3. b3 g6 4. Bb2 Bg7 5. g3 O-O 6. Bg2 Nc6 7. O-O d6 8. d4
cxd4 9. Nxd4 Bd7 10. e4 a6 11. Nxc6 Bxc6 12. Qc2 Rc8 13. Na3 Qa5 14. Rfe1 Nd7
15. Rad1 Ne5 16. Qb1 b5 17. f4 Qb6+ 18. Bd4 Nf3+ 19. Bxf3 Bxd4+ 20. Kg2 Bg7 21.
Qd3 Qa5 22. cxb5 Bxb5 23. Nxb5 axb5 24. Re2 Rc3 25. Qd5 Rc5 26. Qb7 Rc7 27. Qd5
Rc5 28. Qb7 Qc7 29. Qxc7 Rxc7 30. Rd5 b4 31. e5 dxe5 32. h3 1/2-1/2

[Event "Superettan(Rockaden,Sthlm II-Vaxjo)"]
[Site "?"]
[Date "2018.11.11"]
[Round "3"]
[White "Neretljak, Nedzad"]
[Black "Todorovic, Zoran"]
[Result "1-0"]
[WhiteElo "2131"]
[BlackElo "2131"]
[PlyCount "81"]
1. e4 c5 2. c3 d5 3. e5 e6 4. d4 Nc6 5. Nf3 cxd4 6. Bd3 dxc3 7. Nxc3 Nge7 8.
Bg5 Qb6 9. O-O Ng6 10. Re1 Be7 11. Bxe7 Ncxe7 12. h4 Bd7 13. Rc1 Bc6 14. Qd2 h6
15. h5 Nf8 16. a3 a5 17. Ne2 Nd7 18. Ned4 Nc5 19. Rxc5 Qxc5 20. b4 axb4 21.
axb4 Qb6 22. Qe3 Qxb4 23. Rb1 Qa5 24. Nh2 Qa7 25. Ng4 Bd7 26. Qf4 Qa4 27. Rxb7
Nf5 28. Bxf5 exf5 29. e6 fxe6 30. Qd6 fxg4 31. Nxe6 Qd1+ 32. Kh2 g3+ 33. Kxg3
Rd8 34. Nxg7+ Kf7 35. Qg6+ Kf8 36. Qf6+ Kg8 37. Qxd8+ Kh7 38. Qxd7 Qd3+ 39. Kh2
Rg8 40. Ne8+ Kh8 41. Nf6 1-0

[Event "Superettan(Alingsas-Burgsvik)"]
[Site "?"]
[Date "2018.11.11"]
[Round "3"]
[White "Bjorklund, Thomas"]
[Black "Andersson, Bjorn"]
[Result "1/2-1/2"]
[WhiteElo "2162"]
[BlackElo "2189"]
[PlyCount "110"]
1. e4 c5 2. Nf3 Nc6 3. d4 cxd4 4. Nxd4 Nf6 5. Nc3 e5 6. Ndb5 d6 7. a4 a6 8. Na3
Be7 9. Be2 Be6 10. Be3 d5 11. exd5 Nxd5 12. Nxd5 Qxd5 13. Qxd5 Bxd5 14. O-O O-O
15. Nc4 Nd4 16. Bxd4 Bxc4 17. Bxc4 exd4 18. Rad1 Rfd8 19. Rfe1 Kf8 20. Re4 Bf6
21. b3 Rab8 22. Kf1 Rbc8 23. Bd3 b5 24. axb5 axb5 25. Ra1 b4 26. Ra7 Ra8 27.
Rb7 Rab8 28. Rxb8 Rxb8 29. Ke2 g6 30. Bc4 Ra8 31. Kd3 Ra1 32. Re2 Rh1 33. h3
Rg1 34. Bd5 Rd1+ 35. Kc4 Be7 36. Be4 f5 37. Bd3 Ra1 38. Kxd4 Bf6+ 39. Kc5 Bc3
40. h4 Re1 41. Rxe1 Bxe1 42. h5 Kg7 43. hxg6 hxg6 44. c4 bxc3 45. f3 Kf6 46.
Kd4 Kg5 47. Ke3 Kh4 48. Ke2 Bg3 49. b4 Bd6 50. g4 fxg4 51. fxg4 g5 52. Bf5 Bxb4
53. Kd3 Ba5 54. Kc2 Kg3 55. Bc8 Kf4 1/2-1/2

[Event "Superettan(Rockaden,Sthlm II-Vaxjo)"]
[Site "?"]
[Date "2018.11.11"]
[Round "3"]
[White "Crevatin, Leo"]
[Black "Gonzalez, Emilio"]
[Result "0-1"]
[WhiteElo "2160"]
[BlackElo "1960"]
[PlyCount "64"]
1. d4 Nf6 2. Bg5 Ne4 3. Bf4 c6 4. Nd2 Qa5 5. c3 Nxd2 6. Qxd2 d5 7. e3 Bf5 8. f3
e6 9. g4 Bg6 10. Nh3 Nd7 11. Nf2 Be7 12. h4 f6 13. h5 Bf7 14. Nd3 h6 15. Bg3
O-O 16. Be2 c5 17. O-O cxd4 18. exd4 Rfe8 19. Bd1 e5 20. dxe5 fxe5 21. Kg2 Bf6
22. Bb3 Rad8 23. Rad1 Nc5 24. Nxc5 Qxc5 25. Bf2 Qc6 26. Rfe1 e4 27. Bd4 exf3+
28. Kxf3 Bg5 29. Qd3 Re4 30. Rxe4 dxe4+ 31. Qxe4 Bxb3 32. axb3 Rf8+ 0-1

[Event "Superettan(Kristallen-Upsala)"]
[Site "?"]
[Date "2018.11.11"]
[Round "3"]
[White "Johansson, Jan"]
[Black "Walinder, Lars"]
[Result "1/2-1/2"]
[WhiteElo "2356"]
[BlackElo "2236"]
[PlyCount "57"]
1. d4 d5 2. c4 e6 3. Nc3 Nf6 4. Bg5 Be7 5. e3 h6 6. Bxf6 Bxf6 7. cxd5 exd5 8.
Bd3 c6 9. Nge2 O-O 10. Bc2 Na6 11. Nf4 Nb4 12. Bb1 c5 13. O-O cxd4 14. exd4 Qd6
15. g3 Bg5 16. a3 Bxf4 17. axb4 Bg5 18. b5 Bf6 19. Ba2 Be6 20. Bb3 Rfd8 21. Ra4
a6 22. Qd3 axb5 23. Nxb5 Qb6 24. Rxa8 Rxa8 25. Rc1 Ra5 26. Nc7 Qxd4 27. Nxe6
Qxd3 28. Rc8+ Kh7 29. Nf8+ 1/2-1/2

[Event "Superettan(SodraSASS-Kungstornet)"]
[Site "?"]
[Date "2018.11.11"]
[Round "3"]
[White "von Bahr, Oskar"]
[Black "Furhoff, Johan"]
[Result "1/2-1/2"]
[WhiteElo "2418"]
[BlackElo "2334"]
[PlyCount "81"]
1. c4 e5 2. g3 Nc6 3. Bg2 f5 4. Nc3 Nf6 5. e3 g6 6. Nge2 Bg7 7. d4 e4 8. O-O
O-O 9. f3 exf3 10. Bxf3 d6 11. Nd5 Rb8 12. Nec3 Nxd5 13. cxd5 Ne7 14. Qb3 Kh8
15. Bd2 Bd7 16. Rac1 Ng8 17. Ne2 Nf6 18. Nf4 Re8 19. Ba5 b6 20. Bd2 Ne4 21.
Bxe4 Rxe4 22. Ne6 Bxe6 23. dxe6 c5 24. d5 b5 25. Rf4 c4 26. Qa3 Qb6 27. Rxe4
fxe4 28. Kg2 Kg8 29. Rf1 Rf8 30. Ba5 Qb8 31. Bc3 Rxf1 32. Kxf1 Qf8+ 33. Ke1
Bxc3+ 34. bxc3 Qf3 35. Qxa7 Qh1+ 36. Kd2 Qxh2+ 37. Kc1 Qf2 38. Qb8+ Kg7 39.
Qa7+ Kg8 40. Qb8+ Kg7 41. Qa7+ 1/2-1/2

[Event "Superettan(Kristallen-Upsala)"]
[Site "?"]
[Date "2018.11.11"]
[Round "3"]
[White "Lindh, Fredrik"]
[Black "Johansson, Thomas"]
[Result "0-1"]
[WhiteElo "2255"]
[BlackElo "2231"]
[PlyCount "126"]
1. e4 e6 2. d4 d5 3. Nc3 Bb4 4. e5 c5 5. a3 Bxc3+ 6. bxc3 Ne7 7. Nf3 b6 8. Bb5+
Bd7 9. Bd3 c4 10. Bf1 Ba4 11. g3 h6 12. h4 Kd7 13. h5 Qg8 14. Bh3 Qh7 15. Ra2
Nbc6 16. O-O Rac8 17. Nh2 Kc7 18. Ng4 Qf5 19. Bg2 Qxh5 20. Bf3 Qg6 21. Bf4 Kb7
22. Ne3 Qh7 23. g4 Qg6 24. Bg3 f6 25. exf6 gxf6 26. Ng2 Qf7 27. Re1 Ng6 28. Qe2
Rce8 29. Ne3 Na5 30. Nxc4 Nxc4 31. Qxc4 Bc6 32. Qd3 e5 33. Be2 e4 34. Qa6+ Ka8
35. a4 Qb7 36. a5 b5 37. Qxb7+ Kxb7 38. a6+ Kb6 39. Bd6 Nh4 40. Rb1 Nf3+ 41.
Kg2 Nd2 42. Rd1 Nc4 43. Bc5+ Kc7 44. Bxa7 e3 45. f3 f5 46. Bc5 h5 47. gxf5 Nd6
48. f6 Rhf8 49. Rh1 Rxf6 50. Rxh5 Rg8+ 51. Kf1 Ne4 52. Rh7+ Kb8 53. a7+ Ka8 54.
Ke1 Nxc3 55. Ra3 Rxf3 56. Rh1 Nxe2 57. Kxe2 Rf2+ 58. Kxe3 Rxc2 59. Ra6 Re8+ 60.
Kd3 Rce2 61. Rh3 Bd7 62. Rf3 b4 63. Be7 Bb5# 0-1

[Event "Superettan(SodraSASS-Kungstornet)"]
[Site "?"]
[Date "2018.11.11"]
[Round "3"]
[White "Larsson, Per"]
[Black "Lyrberg, Patrik"]
[Result "0-1"]
[WhiteElo "2291"]
[BlackElo "2442"]
[PlyCount "56"]
1. c4 e6 2. g3 d5 3. Nf3 dxc4 4. Bg2 Nd7 5. Qa4 a6 6. Qxc4 b5 7. Qc6 Rb8 8. O-O
Bb7 9. Qc2 Ngf6 10. a4 Bd6 11. d3 O-O 12. e4 e5 13. Rd1 c5 14. b3 Qc7 15. Nc3
Bc6 16. Nh4 g6 17. Bh6 Rfe8 18. axb5 axb5 19. Ra6 Ra8 20. Rda1 Rxa6 21. Rxa6
Qb7 22. Qa2 Ng4 23. Bd2 c4 24. bxc4 b4 25. Nd1 b3 26. Qa5 Bc5 27. Bh3 Nxf2 28.
Bxd7 Nxd3+ 0-1

[Event "Superettan(Kungstornet-Kristallen)"]
[Site "?"]
[Date "2018.11.10"]
[Round "2"]
[White "Walinder, Lars"]
[Black "von Bahr, Oskar"]
[Result "0-1"]
[WhiteElo "2236"]
[BlackElo "2418"]
[PlyCount "88"]
1. c4 e5 2. Nc3 Nf6 3. Nf3 Nc6 4. e3 Bb4 5. Qc2 Bxc3 6. Qxc3 Qe7 7. d4 Ne4 8.
Qd3 exd4 9. Nxd4 O-O 10. Be2 Nxd4 11. Qxd4 b6 12. O-O Bb7 13. b3 f5 14. Bb2 Nc5
15. Rae1 Ne6 16. Qc3 Rf6 17. f3 Rh6 18. g3 Qf7 19. Bd1 Qh5 20. Rf2 Rf8 21. b4
Rg6 22. e4 f4 23. g4 Qh3 24. Kh1 h5 25. gxh5 Qxh5 26. Rd2 Rf7 27. Rg1 Rg3 28.
Rdg2 Rxg2 29. Kxg2 Rf6 30. Kh1 Rg6 31. Rxg6 Qxg6 32. c5 bxc5 33. bxc5 Kh7 34.
Bb3 Ng5 35. Qc4 Nxf3 36. Qg8+ Kh6 37. Qh8+ Kg5 38. Qd8+ Kh5 39. Qh8+ Kg4 40.
Kg2 Nh4+ 41. Kf2 Qxe4 42. Qxg7+ Kh3 43. Qxd7+ Kxh2 44. Qg4 Qe3+ 0-1

[Event "Superettan(SodraSASS-Rockaden,Sthlm II)"]
[Site "?"]
[Date "2018.11.10"]
[Round "2"]
[White "Kenneskog, Theodor"]
[Black "Winge, Stefan"]
[Result "1-0"]
[WhiteElo "2270"]
[BlackElo "2225"]
[PlyCount "119"]
1. d4 Nf6 2. c4 g6 3. Nc3 d5 4. Bf4 Bg7 5. e3 O-O 6. Nf3 c5 7. dxc5 Qa5 8. Rc1
dxc4 9. Bxc4 Qxc5 10. Bb3 Nc6 11. O-O Qh5 12. h3 e5 13. Bh2 Rd8 14. Nd2 Qxd1
15. Rfxd1 Bf5 16. g4 Bd3 17. Nf3 e4 18. Ng5 Rd7 19. Ngxe4 Bxe4 20. Rxd7 Nxd7
21. Nxe4 Nde5 22. Kg2 Rd8 23. Rd1 Rxd1 24. Bxd1 Nd3 25. Nd6 Nxb2 26. Bb3 Nd8
27. Bd5 b6 28. Nc8 Na4 29. Nxa7 Nc3 30. Bb3 Ne6 31. Bc4 Nc5 32. Bc7 Nd7 33. Nb5
Ne5 34. Nxc3 Nxc4 35. Nb5 Kf8 36. Kf3 Ke7 37. Ke4 Ke6 38. g5 f5+ 39. gxf6 Bxf6
40. Kd3 Kd5 41. Nc3+ Bxc3 42. Kxc3 b5 43. Kb4 Kc6 44. Bg3 Nb6 45. e4 Nd7 46. f3
Nc5 47. Kc3 Ne6 48. f4 Kc5 49. Bf2+ Kd6 50. Be3 Kc6 51. h4 Kd6 52. Kd3 Kc6 53.
Ke2 Kd6 54. Kf3 h5 55. Bd2 Nd8 56. Ke3 Kc5 57. Bc3 Kd6 58. Bb4+ Kc6 59. Kd4 Nf7
60. Bf8 1-0

[Event "Superettan(Alingsas-Upsala)"]
[Site "?"]
[Date "2018.11.10"]
[Round "2"]
[White "Agrest, Inna"]
[Black "Malm Lindberg, Henrik"]
[Result "1-0"]
[WhiteElo "2283"]
[BlackElo "2193"]
[PlyCount "55"]
1. e4 c5 2. Nf3 e6 3. d4 cxd4 4. Nxd4 Nf6 5. Nc3 d6 6. g4 h6 7. Rg1 Nc6 8. h4
h5 9. g5 Ng4 10. Nb3 Qb6 11. Rg2 Bd7 12. Be2 Nce5 13. Bf4 Rc8 14. Qd2 Be7 15.
f3 Ng6 16. fxg4 Nxh4 17. Rg3 hxg4 18. O-O-O Ng6 19. Bxd6 Bxd6 20. Qxd6 Qxd6 21.
Rxd6 Ne5 22. Bxg4 Ke7 23. Rd1 Rh2 24. Rd2 Rh1+ 25. Bd1 b5 26. Nd4 Rc5 27. b3
Be8 28. Kb2 1-0

[Event "Superettan(Kungstornet-Kristallen)"]
[Site "?"]
[Date "2018.11.10"]
[Round "2"]
[White "Aronsson, Marten"]
[Black "Naslund, Mikael"]
[Result "1/2-1/2"]
[WhiteElo "2269"]
[BlackElo "2202"]
[PlyCount "101"]
1. d4 Nf6 2. Nf3 g6 3. g3 Bg7 4. Bg2 d5 5. O-O O-O 6. c4 dxc4 7. Na3 c3 8. bxc3
c5 9. Qb3 Nc6 10. Rd1 Na5 11. Qb2 cxd4 12. cxd4 Qb6 13. Ne5 Nd7 14. Nec4 Nxc4
15. Nxc4 Qa6 16. Qb4 e5 17. Bb2 exd4 18. Bxd4 Bxd4 19. Rxd4 Nb6 20. e3 Be6 21.
Nd6 Qe2 22. Qd2 Qxd2 23. Rxd2 Rab8 24. Nxb7 Rfc8 25. Na5 Nc4 26. Nxc4 Rxc4 27.
h3 Kg7 28. Kh2 Ra4 29. g4 Rb6 30. Bf1 Ra3 31. Rc1 Rb4 32. Rcc2 h6 33. Kg3 Rba4
34. Bb5 Ra5 35. Bc4 Bxc4 36. Rxc4 Rxa2 37. Rd7 Ra6 38. Rcc7 Rf6 39. f4 a5 40.
h4 Ra3 41. Re7 g5 42. hxg5 hxg5 43. f5 Rb3 44. Ra7 Rb5 45. Kf3 Rc5 46. Reb7 Rd5
47. Rc7 Rb5 48. Rd7 Kg8 49. Rd8+ Kg7 50. Rda8 Rh6 51. Rxa5 1/2-1/2